|
|
|
|
| LEADER |
00000nas a2200000 a 4500 |
| 001 |
ssj0005324 |
| 003 |
WaSeSS |
| 005 |
20200512172242.0 |
| 006 |
m d |
| 007 |
cr n |
| 008 |
050615d19662009cauqr pss b 0 0eng c |
| 010 |
|
|
|a 2010236517
|
| 022 |
|
|
|y 0001-8449
|
| 035 |
|
|
|a (WaSeSS)ssj0005324
|
| 040 |
|
|
|a OCLCS
|b eng
|c OCLCS
|d OCLCQ
|d NOC
|d FGA
|d FQM
|d CUD
|d BUF
|d CNTRU
|d OCLCQ
|d OCLCF
|d OCLCO
|d OCLCQ
|d OCLCO
|d OCLCQ
|d OCLCO
|d DYJ
|d Z5A
|d OCLCO
|d LIP
|d XFH
|d WT2
|d OCLCQ
|d OCLCO
|d OCLCA
|d OCLCQ
|d TOF
|d WYU
|d U3W
|d VT2
|d CEF
|d OCLCQ
|d OCLCO
|d CUI
|d OCLCA
|d WaSeSS
|
| 042 |
|
|
|a pcc
|
| 050 |
|
4 |
|a HQ793
|b .A44
|
| 060 |
0 |
0 |
|a W1
|b AD37
|
| 082 |
0 |
4 |
|a 301.43/15/05
|
| 130 |
0 |
|
|a Adolescence (Online)
|
| 245 |
1 |
0 |
|a Adolescence
|h [electronic resource].
|
| 260 |
|
|
|a [Roslyn Heights, N.Y.] :
|b Libra Publishers
|
| 310 |
|
|
|a Quarterly
|
| 362 |
1 |
|
|a Print began with v. 1, no. 1 (spring 1966); ceased with v. 44, no. 176 (winter 2009).
|
| 500 |
|
|
|a "An international quarterly devoted to the physiological, psychological, psychiatric, sociological, and educational aspects of the second decade of human life."
|
| 500 |
|
|
|a Imprint varies: Roslyn Heights, NY: <spring 1966->; San Diego, CA: <-winter 2009>.
|
| 504 |
|
|
|a Includes bibliographical references.
|
| 506 |
|
|
|a License restrictions may limit access.
|
| 555 |
|
|
|a Vols. 1-9 (1966-74). 1 v.
|
| 588 |
0 |
|
|a Print version record.
|
| 588 |
1 |
|
|a Vol. 44, no. 176 (winter 2009) (EBSCOhost, viewed Jan. 24, 2011).
|
| 650 |
|
0 |
|a Youth
|v Periodicals.
|
| 650 |
|
0 |
|a Adolescence
|v Periodicals.
|
| 650 |
|
0 |
|a Adolescent psychology
|v Periodicals.
|
| 650 |
|
2 |
|a Adolescent.
|
| 650 |
|
6 |
|a Jeunesse
|v Périodiques.
|
| 650 |
|
6 |
|a Adolescence
|v Périodiques.
|
| 650 |
|
6 |
|a Adolescents
|x Psychologie
|v Périodiques.
|
| 650 |
|
7 |
|a Adolescence.
|2 fast
|0 (OCoLC)fst00796984
|
| 650 |
|
7 |
|a Adolescent psychology.
|2 fast
|0 (OCoLC)fst00797018
|
| 650 |
|
7 |
|a Youth.
|2 fast
|0 (OCoLC)fst01183341
|
| 653 |
|
|
|a Psychology
|
| 653 |
|
|
|a Social Sciences (General)
|
| 655 |
|
0 |
|a Electronic journals.
|
| 776 |
0 |
8 |
|i Print version:
|t Adolescence
|x 0001-8449
|w (DLC) 73646585
|w (OCoLC)1788916
|
| 856 |
4 |
0 |
|z Full text available from Research Library: 04/01/1988 to 12/31/2009
|u https://search.proquest.com/publication/41539
|